1481 1593 1209 1165 1787 1349 1484 1525 1089 1135 1951 1344 1996 1810 1300 1749 1461 1904 1430 1691 1989 1226 1844 1662 1445 1227 1421 1852 1334 1475 1745 1414 1566 1877 1388 1213 1607 1848 1190 1383 1307 1031 1181 1143 1544 1148 1843 1495 1882 1404 1938 1646 1057 1996 1003 1883 1990 1038 1797 1687 1801 1630 1398 1052 1495 1550 1074 1979 1690 1379 1353 1004 1175 1514 1225 1312 1036 1670 1065 1715 1179 1994 1462 1385 1946 1846 1025 1642 1894 1171 1357 1145 1425 1829 1538 1050 1809 1971 1016 BCNSPRNW ULIB Ver.6.0+V

เปลี่ยนเป็นภาษาไทย

Change to English
 แสดงรายละเอียดบรรณานุกรม
  กลับหน้าหลัก

Brief Record : Get Marc (ISO 2709) : E-mail record : QR code < ปิดหน้าต่าง
LEADER : 00000nam 2200000uu 4500
001    13399121945
003     ULIB
008    121214s2552||||th 000 0 tha d
020    ^a9789740325581
060 04 ^aWM15^bส132ศ 2552
100 0  ^aสงกรานต์ ก่อธรรมนิเวศน์
245 10 ^aศัพท์ทางจิตเวช /^cสงกรานต์ ก่อธรรมนิเวศน์
250    ^aพิมพ์ครั้งที่ 1
260    ^aกรุงเทพฯ :^bสำนักพิมพ์แห่งจุฬาลงกรณ์มหาวิทยาลัย,^c2552
300    ^a448 หน้า ;^c21 ซม.
440  0 ^aหนังสือชุดจุฬาพจนานุกรม ;^vเล่มที่ 14
650  7 ^aจิตเวชศาสตร์^xคำศัพท์
650  7 ^aจิตเวชศาสตร์^vพจนานุกรม
945    ^p180^l0^i16703
945    ^p180^l0^i16651
945    ^p180^l0^i16630
995    ^aทศพร
999    ^aทศพร เกษรทอง
รายการนี้ยังไม่มีแท็ก
คุณยังไม่ได้ล็อกอิน คุณสามารถมีกิจกรรมร่วมกับเว็บไซต์ได้ แต่ต้องล็อกอินก่อน ::
  ล็อกอิน

รายการสื่อสารสนเทศ

ลำดับที่ ประเภท เลขเรียก/บาร์โค้ด สถานที่ สถานะ
- ไม่พบข้อมูล -

รายการใกล้เคียง
    ผู้แต่ง [สงกรานต์ ก่อธรรมนิเวศน์]

BibComment


ยังไม่เคยถูกคอมเมนท์

คอมเมนท์ทรัพยากรรายการนี้
  คอมเมนท์: ศัพท์ทางจิตเวช ..


 Copyright 2026. Bcnsprnw @Library